000 00282nam a2200109Ia 4500
999 _c9351
_d9351
020 _a978-0155015005
100 _aGenest,Marc A.
245 0 _aConflict and Cooperation Evolving Theories of International Relations
260 _aNew Delhi
_bAddison
_c2002
300 _a534
942 _cBK